Normal view
MARC view
- جمع:زهار، عدنان بن عبد الله
Entry Personal Name
001 - CONTROL NUMBER
- control field: 18400
003 - CONTROL NUMBER IDENTIFIER
- control field: JO-AjAnu
005 - DATE AND TIME OF LATEST TRANSACTION
- control field: 20230606073231.0
008 - FIXED-LENGTH DATA ELEMENTS
- fixed length control field: 230606|| aca||aabn | a|a d
040 ## - CATALOGING SOURCE
- Original cataloging agency: JO-AjAnu
- Transcribing agency: JO-AjAnu
100 ## - HEADING--PERSONAL NAME
- Personal name: جمع:زهار، عدنان بن عبد الله
670 ## - SOURCE DATA FOUND
- Source citation: Work cat.: (JO-AjAnu)9445: جمع:زهار، عدنان بن عبد الله, author, الاستبشار برؤى النبي المختار صلى الله عليه وسلم وهو أربعون رؤيا للنبي صلى الله عليه وسلم